Statistics for Bundesliga Champions Goalkeepers

Click here to take the quiz!

General Stats

  • This quiz has been taken 43 times
  • The average score is 6 of 9

Answer Stats

GK % Correct
Manuel Neuer
100%
Roman Weidenfeller
88%
Oliver Kahn
88%
Sven Ulreich
65%
Hans-Jörg Butt
62%
Diego Benaglio
56%
Jens Lehmann
50%
Timo Hildebrand
47%
Andreas Reinke
35%

Score Distribution

Percentile by Number Answered

Percent of People with Each Score

Your Score History

You have not taken this quiz